Rusko-slovenský frazeologický slovník

Na minha lista:
Detalhes bibliográficos
Autor principal: Dorotjaková, Viktória (Author)
Formato: Livro
Idioma:eslovaco
russo
Publicado em: Bratislava : Slovenské pedagogické nakladateľstvo, 1998
Edição:1.vyd.
Assuntos:
Tags: Adicionar Tag
Sem tags, seja o primeiro a adicionar uma tag!

MARC

LEADER 00000nam a22000003a 4500
001 stu55409
005 20150617225659.6
008 001026s1998----xo------------------slo-d
020 |a 80-08-00304-9 
040 |a STU  |b slo 
041 0 |a slo  |a rus 
044 |a xo 
100 1 |a Dorotjaková, Viktória  |4 aut 
245 1 |a Rusko-slovenský frazeologický slovník 
250 |a 1.vyd. 
260 |a Bratislava :  |b Slovenské pedagogické nakladateľstvo,  |c 1998 
300 |a 670 s 
650 7 |a slovníky  |2 stusub 
996 |b 284EK83640  |c E*83640  |l EE18  |s P  |a 0  |w stu55409_0001